| 000 | 01073nam a2200253 a 4500 | ||
|---|---|---|---|
| 008 | 120416s1980 ||||||||||||||||| || u | ||
| 020 | _a047103018X | ||
| 050 | _aTK 6553 Kra | ||
| 100 | _aRaab, Frederick H | ||
| 245 | 1 | 0 | _aSolid state radio engineering |
| 260 |
_aNew York: _bJohn Wiley and Sons _c1980 |
||
| 300 | _axv, 534p. : ill | ||
| 350 | _a0.00 | ||
| 500 | _aIncludes bibliographical references and index. | ||
| 650 | _aRADIO--RECEIVERS AND RECEPTION | ||
| 650 | _aRADIO--TRANSMMITERS AND TRANSMITION | ||
| 650 | _aRADIO CIRCUITS | ||
| 700 | _aKrauss, Herbert L | ||
| 700 | _aBostian, Charles W | ||
| 856 | _uhttp://www.loc.gov/catdir/toc/onix02/78027797.html | ||
| 856 | _uhttp://www.loc.gov/catdir/description/wiley032/78027797.html | ||
| 995 |
_aMAIN LIBRARY OPEN ACCESS _D0.00 _e721517 _FCBU-MAIN LIBRARY (Kitwe) _H2 _I40.00 _jTK 6553 Kra _M2 _UAVAILABLE _y017728 _ZMain Library Open Access Collection |
||
| 995 |
_aBINDERY (DAMAGED) _D0.00 _e721518 _FCBU-MAIN LIBRARY (Kitwe) _H1 _I40.00 _jTK 6553 Kra _M1 _UDAMAGED _y017727 _ZMain Library Open Access Collection |
||
| 999 |
_c77397 _d77397 |
||